Pays commençant par A - Statistiques

Statistiques générales
  • Ce quiz a été pris 173 fois
  • Le résultat moyen est 10 sur 14
Statistiques - réponses
Hint Réponse % Correct
Asie Afghanistan
93%
Amérique du Sud Argentine
78%
Océanie Australie
77%
Afrique Afrique du Sud
76%
Amérique du Nord Antigua et Barbuda
75%
Europe Allemagne
72%
Afrique Algérie
71%
Europe Andorre
70%
Europe Albanie
68%
Afrique Angola
68%
Europe Autriche
68%
Asie Azerbaïdjan
68%
Asie Arabie Saoudite
65%
Asie Arménie
60%
Aucun quiz correspondant
Distribution des résultats
% des personnes avec chaque résultat
Percentile par nombre de réponses
Votre historique - résultats
Vous n’avez pas pris ce quiz